| 000 | 03563cam a22002174a 4500 | ||
|---|---|---|---|
| 005 | 20250605164408.0 | ||
| 008 | 250528s ||||||||||||||||||||||||d | ||
| 035 | _a24904 | ||
| 020 | _a9789604583447 | ||
| 040 |
_aGR-AtMCL _bgre _dGR-AtMCL _eAACR2 |
||
| 245 | 1 | _aΦιλαναγνωσία και Κοινωνικοσυναισθηματική Ανάπτυξη του Παιδιού / Θεωρητικές Προσεγγίσεις και Δραστηριότητες και Παιχνίδια | |
| 250 | _a1η | ||
| 260 |
_bΕπίκεντρο, _c2012 |
||
| 300 | _a288 | ||
| 520 | _aΤο παρόν βιβλίο παρουσιάζει αναλυτικές και επιστημονικές και θεωρητικές απόψεις για σύγχρονα κοινωνικά θέματα, όπως η απώλεια, το πένθος, η ζήλια, το διαζύγιο, οι φόβοι των παιδιών, ο θυμός, η επιθετικότητα και η βία, ο σχολικός εκφοβισμός, προτείνοντας ως μέσο διαχείρισης αυτών των θεμάτων το παιδικό λογοτεχνικό βιβλίο. Ζητήματα Θεωρίας, Η Θέση της Λογοτεχνίας στο Αναλυτικό Πρόγραμμα Σπουδών, Νέο Πρόγραμμα Σπουδών και Φιλαναγνωσία, Η Συμβολή της Παιδικής Λογοτεχνίας στην Πνευματική και Συναισθηματική και Κοινωνική Ανάπτυξη του Παιδιού, Βιβλιοθεραπεία: Η Θεραπευτική Διάσταση της Ανάγνωσης, Οι Βασικοί Στόχοι των Προτεινόμενων Δραστηριοτήτων, Η Ευαίσθητη Θεματική του Παιδικού Βιβλίου: Σύγχρονα Κοινωνικά Ζητήματα, Κριτήρια Επιλογής και Αξιολόγησης Παιδικών Λογοτεχνικών Βιβλίων με Θέμα τα Σύγχρονα Κοινωνικά Ζητήματα, Ο Ρόλος του Εκπαιδευτικού στην Αξιολόγηση και Διδακτική Αξιοποίηση των Βιβλίων με Ευαίσθητη Θεματική, Απωλεια και Πένθος, Παιδί και η Έννοια του Θανάτου, Οι Αντιλήψεις των Παιδιών για το Θάνατο, Διαζύγιο, Οι Αντιδράσεις των Παιδιών στο Διαζύγιο, Οι Φόβοι των Παιδιών, Πηγές των Παιδικών Φόβων, Ο Φόβος των Παιδιών για τον Νέο/ τη Νέα Αδερφό/η, Η Αδελφική Αντιζηλία, Ο Θυμός, Κατανόηση και Διαχείριση του Θυμού, Επιθετικότητα και Σχολικός Εκφοβισμός (Bullying), Τι Είναι η Επιθετικότητα, Τι Είναι ο Σχολικός Εκφοβισμός, Ενδεικτικές Διδακτικές Εφαρμογές με Λογοτεχνικά Βιβλία για τη Φιλαναγνωσία και την Κοινωνιοσυναισθηματική Ανάπτυξη του Παιδιού, Τίτλοι Βιβλίων για Εφαρμογές και Δραστηριότητες, Ευρετήριο Όρων. | ||
| 700 | 1 |
_aΠατέρα Αναστασία _99657 |
|
| 700 | 1 |
_aΤσιλιμένη Τασούλα _99658 |
|
| 942 | _cBK | ||
| 999 |
_c9739 _d9739 |
||